Cestovní náhrady Úplné znění zákona o cestovních náhradách a souvisejících předpisů s vysvětlivkami

Zákon č. 119/1992 Zb. o cestovných náhradách, v znení neskorších predpisov (s vysvetlivkami k jednotlivým ustanoveniam). Opatrenie Ministerstva financií o výške stravného pri zahraničných pracovných cestách. Náhrady pri pracovných cestách podnikateľov.

Gespeichert in:
Bibliographische Detailangaben
1. Verfasser: Nesnídal, Jiří
Format: Buchkapitel
Sprache:Tschechisch
Schlagworte:
Tags: Tag hinzufügen
Keine Tags, Fügen Sie das erste Tag hinzu!

MARC

LEADER 00000naa a2200000 4500
001 r016702
005 20221208130712.0
041 0 |a cze 
044 |a CZ 
245 1 0 |a Cestovní náhrady  |b Úplné znění zákona o cestovních náhradách a souvisejících předpisů s vysvětlivkami  |c Jiří Nesnídal 
520 |a Zákon č. 119/1992 Zb. o cestovných náhradách, v znení neskorších predpisov (s vysvetlivkami k jednotlivým ustanoveniam). Opatrenie Ministerstva financií o výške stravného pri zahraničných pracovných cestách. Náhrady pri pracovných cestách podnikateľov. 
610 2 0 |a cesty pracovné 
610 2 0 |a náhrada výdavkov 
610 2 0 |a zákony 
610 2 0 |a Česko 
610 2 0 |a 1992 
610 2 0 |a 1994 
100 1 |a Nesnídal, Jiří